| Tag |
First Indicator |
Second Indicator |
Subfields |
| LEADER |
00000cam a2200000 a 4500 |
| 001 |
in00000752016 |
| 005 |
20151016092850.0 |
| 007 |
hd afa014baca |
| 008 |
760715s1897 ctu a 00011 eng d |
| 035 |
|
|
|a (OCoLC)02314419
|
| 035 |
|
|
|9 ADH6714AM
|
| 040 |
|
|
|a JNA
|c JNA
|d LWS
|d UtOrBLW
|
| 049 |
|
|
|a TXAI
|
| 090 |
|
|
|a PS15
|
| 099 |
|
|
|a film
|a B
|a 1551
|
| 100 |
1 |
|
|a Kester, Paul,
|d 1870-1933.
|
| 245 |
1 |
0 |
|a Tales of the real gypsy /
|c by Paul Kester.
|
| 264 |
|
1 |
|a New York :
|b Doubleday and McClure,
|c 1897.
|
| 300 |
|
|
|a ix, 312 pages ;
|c 17 cm.
|
| 336 |
|
|
|a text
|b txt
|2 rdacontent
|
| 337 |
|
|
|a microform
|b h
|2 rdamedia
|
| 338 |
|
|
|a microfilm reel
|b hd
|2 rdacarrier
|
| 533 |
|
|
|a Microfilm.
|b Woodbridge, Conn. :
|c Research Publications,
|d 1970-1978.
|e 1 microfilm reel ; 35 mm.
|f (Wright American fiction ; v. 3 (1876-1900), reel K-5, no. 3082)
|
| 500 |
|
|
|a Microform.
|
| 999 |
|
|
|a MARS
|
| 999 |
f |
f |
|s 7a8ee53a-8cd0-3e0f-838c-3083d5ad0152
|i a122c190-38dd-3e60-b822-a4d84aba7fd5
|t 0
|
| 952 |
f |
f |
|p default
|a Texas A&M University
|b College Station
|c Sterling C. Evans Library
|d Evans: Microforms (3rd floor)
|t 0
|e film B 1551 v.3 reel K-5 no. 3082
|h Other scheme
|i microform -- microfilm reel
|
| 998 |
f |
f |
|a film B 1551 v.3 reel K-5 no. 3082
|t 0
|l Evans: Microforms (3rd floor)
|